[Event "International Championship of Central S"]
[Site "Paracin"]
[Date "2012.07.07"]
[Round "2.1"]
[White "Atalik, Suat"]
[Black "Martic, Ivan"]
[Result "1/2-1/2"]
[WhiteElo "2599"]
[BlackElo "2402"]
[PlyCount "81"]
[EventDate "2012.??.??"]

1. d4 Nf6 2. c4 g6 3. Nc3 Bg7 4. e4 d6 5. Nf3 O-O 6. Be2 e5 7. O-O Nc6 8. d5
Ne7 9. b4 Nh5 10. g3 f5 11. Ng5 Nf6 12. Bf3 Kh8 13. b5 fxe4 14. Ncxe4 Nf5 15.
Bg2 Nd4 16. Be3 Bg4 17. f3 Nxe4 18. Nxe4 Bf5 19. f4 Qe7 20. Qd2 Bxe4 21. Bxe4
Nf5 22. Bxf5 Rxf5 23. Rae1 Raf8 24. fxe5 Rxf1+ 25. Rxf1 Rxf1+ 26. Kxf1 Qxe5 27.
Bxa7 b6 28. Qe2 Qf5+ 29. Kg2 h5 30. a4 Kh7 31. h4 Qc8 32. Qe7 Qg4 33. a5 Qxc4
34. axb6 cxb6 35. Bxb6 Qa2+ 36. Kh3 Qxd5 37. Kh2 Qa2+ 38. Kg1 Qb1+ 39. Kg2 Qxb5
40. Qxd6 Qe2+ 41. Bf2 1/2-1/2

[Event "International Championship of Central S"]
[Site "Paracin"]
[Date "2012.07.07"]
[Round "2.2"]
[White "Martic, Zlatko"]
[Black "Vovk, Yuri"]
[Result "0-1"]
[WhiteElo "2356"]
[BlackElo "2584"]
[PlyCount "68"]
[EventDate "2012.??.??"]

1. d4 Nf6 2. c4 g6 3. Nc3 Bg7 4. e4 d6 5. Nf3 O-O 6. Be2 e5 7. O-O Na6 8. Be3
Ng4 9. Bg5 Qe8 10. h3 h6 11. Bh4 Nf6 12. d5 Nh5 13. Ne1 Nf4 14. Nd3 g5 15. Bg3
f5 16. Bxf4 exf4 17. Bh5 Qe7 18. exf5 Bxc3 19. bxc3 Bxf5 20. Re1 Qh7 21. Nc1
Nc5 22. Nb3 Nd3 23. Re2 Ne5 24. c5 f3 25. Rxe5 dxe5 26. Bxf3 Rad8 27. c4 Bd3
28. Rc1 Rf4 29. Na5 Rdf8 30. d6 e4 31. Bg4 Rxf2 32. Qb3 Rf1+ 33. Rxf1 Rxf1+ 34.
Kh2 Qf7 0-1

[Event "International Championship of Central S"]
[Site "Paracin"]
[Date "2012.07.07"]
[Round "2.3"]
[White "Pap, Gyula"]
[Black "Nestorovic, Lazar"]
[Result "1-0"]
[WhiteElo "2566"]
[BlackElo "2381"]
[PlyCount "51"]
[EventDate "2012.??.??"]

1. d4 Nf6 2. c4 g6 3. Nc3 Bg7 4. e4 d6 5. f3 O-O 6. Be3 c6 7. Qd2 a6 8. O-O-O
b5 9. Bh6 bxc4 10. Bxc4 d5 11. Bb3 a5 12. e5 Ne8 13. h4 f6 14. h5 Bxh6 15. Qxh6
g5 16. Bc2 Rf7 17. f4 gxf4 18. Nh3 Rg7 19. Nxf4 Bg4 20. Rd3 e6 21. Rg3 Raa7 22.
Rxg4 Rxg4 23. Nxe6 Qe7 24. Bxh7+ Kf7 25. Bf5 Rxg2 26. Nf4 1-0

[Event "International Championship of Central S"]
[Site "Paracin"]
[Date "2012.07.07"]
[Round "2.4"]
[White "Damljanovic, Branko"]
[Black "Pantelic, Sasa"]
[Result "1-0"]
[WhiteElo "2564"]
[BlackElo "2362"]
[PlyCount "73"]
[EventDate "2012.??.??"]

1. c4 Nf6 2. Nc3 c5 3. Nf3 Nc6 4. g3 g6 5. Bg2 Bg7 6. d4 cxd4 7. Nxd4 Nxd4 8.
Qxd4 O-O 9. O-O d6 10. Qd3 Qc7 11. Bd2 Bf5 12. e4 Be6 13. b3 Ng4 14. Rac1 Ne5
15. Qe2 Nc6 16. Be3 Rac8 17. Rfd1 Rfe8 18. Nd5 Qb8 19. f4 b6 20. h4 Bxd5 21.
exd5 Nb4 22. Bh3 Rc7 23. a3 Na6 24. b4 Qb7 25. h5 Nb8 26. hxg6 hxg6 27. f5 gxf5
28. Bxf5 Nd7 29. Rf1 b5 30. Bh7+ Kf8 31. Rxf7+ Kxf7 32. Qh5+ Kf8 33. Rf1+ Nf6
34. Bh6 e5 35. Rxf6+ Rf7 36. Bxg7+ Kxg7 37. Qh6+ 1-0

[Event "International Championship of Central S"]
[Site "Paracin"]
[Date "2012.07.07"]
[Round "2.5"]
[White "Nenezic, Marko"]
[Black "Kovacevic, Aleksandar"]
[Result "1-0"]
[WhiteElo "2346"]
[BlackElo "2537"]
[PlyCount "53"]
[EventDate "2012.??.??"]

1. d4 Nf6 2. c4 e6 3. Nc3 Bb4 4. e3 O-O 5. Nge2 d5 6. a3 Be7 7. cxd5 exd5 8.
Ng3 c5 9. Bd3 cxd4 10. exd4 Nc6 11. O-O Bg4 12. f3 Be6 13. Nge2 Rc8 14. Kh1 h6
15. Bc2 Bd6 16. Qd3 Ne7 17. g4 Ng6 18. g5 hxg5 19. Bxg5 Re8 20. Rg1 a6 21. Qd2
Bb8 22. Ng3 Bxg3 23. Rxg3 Rc6 24. f4 Bc8 25. f5 Ne7 26. Bxf6 Rxf6 27. Qg5 1-0

[Event "International Championship of Central Se"]
[Site "Paracin, hotel "]
[Date "2012.07.07"]
[Round "2.6"]
[White "Ulibin, Mikhail"]
[Black "Andrijevic, Milan"]
[Result "0-1"]
[WhiteElo "2531"]
[BlackElo "2345"]
[PlyCount "142"]
[EventDate "2012.07.06"]

1. e4 c5 2. Nf3 e6 3. c3 d5 4. e5 d4 5. Bd3 Nc6 6. O-O Nge7 7. Re1 Nf5 8. Be4
Be7 9. d3 O-O 10. Bxc6 bxc6 11. c4 f6 12. g4 Nh6 13. exf6 Rxf6 14. g5 Rg6 15.
Ne5 Rxg5+ 16. Bxg5 Bxg5 17. Qf3 Bb7 18. Na3 Qe7 19. Re4 Rf8 20. Qg3 Nf5 21. Qg2
Nh4 22. Qg4 Rf5 23. f4 Bxf4 24. Rxf4 Rg5 25. Raf1 Rxg4+ 26. Rxg4 Nf5 27. Nc2
Qf6 28. Re4 Qg5+ 29. Rg4 Qf6 30. Re1 h5 31. Rg6 Qh4 32. Re4 Qe7 33. Nf3 Bc8 34.
h4 Bd7 35. Kf2 Kh7 36. Rg5 g6 37. Rg1 Qf6 38. Ke2 Kh6 39. Ne5 Be8 40. Nf3 Bd7
41. Nce1 Nd6 42. Re5 Nf7 43. Reg5 e5 44. Rxg6+ Qxg6 45. Rxg6+ Kxg6 46. Nd2 Bg4+
47. Kf2 Bf5 48. Nb3 e4 49. dxe4 Bxe4 50. Nxc5 Kf5 51. Nb3 Ke5 52. Nd2 Nd6 53.
Ke2 Nf5 54. Nd3+ Bxd3+ 55. Kxd3 Nxh4 56. b4 Nf5 57. a4 h4 58. b5 h3 59. a5 cxb5
60. cxb5 Kd5 61. b6 axb6 62. axb6 Kc6 63. Nf3 Kxb6 64. Kc4 Kc6 65. Ne5+ Kd6 66.
Nf3 Nh4 67. Nxh4 h2 68. Nf5+ Ke5 69. Ng3 Kf4 70. Nh1 Ke3 71. Ng3 Kf3 0-1

[Event "International Championship of Central S"]
[Site "Paracin"]
[Date "2012.07.07"]
[Round "2.7"]
[White "Skovgaard, Peter"]
[Black "Bogosavljevic, Boban"]
[Result "0-1"]
[WhiteElo "2306"]
[BlackElo "2520"]
[PlyCount "102"]
[EventDate "2012.??.??"]

1. e4 c5 2. Nf3 d6 3. c3 Nf6 4. Bd3 Nc6 5. Bc2 Bg4 6. h3 Bxf3 7. Qxf3 g6 8. d3
Bg7 9. Qe2 O-O 10. O-O b5 11. Be3 b4 12. Ba4 bxc3 13. Nxc3 Rc8 14. Bxc6 Rxc6
15. d4 Ng4 16. hxg4 cxd4 17. Nd5 dxe3 18. Nxe3 Qd7 19. Rad1 Rfc8 20. b3 Rc5 21.
Rd3 Qb7 22. Nc4 a5 23. Rfd1 a4 24. Rf3 axb3 25. axb3 Rb5 26. Qe3 h6 27. Qf4 Rf8
28. Rdd3 Qc8 29. Rd5 Rb4 30. g5 h5 31. Qd2 Rb7 32. Rfd3 Qe6 33. Qe3 Ra8 34. Kh2
Qg4 35. g3 h4 36. Qf3 hxg3+ 37. Qxg3 Qxe4 38. Nd2 Qe6 39. Qe3 Ra2 40. Kg3 Rb4
41. Nc4 Qd7 42. f4 Qb7 43. Qf3 Qa7 44. Qe3 Qb7 45. Qf3 Ra1 46. Ra5 Rxa5 47.
Qxb7 Rxg5+ 48. fxg5 Rxb7 49. Kf4 Rb5 50. Na3 Rf5+ 51. Kg4 Bb2 0-1

[Event "International Championship of Central Se"]
[Site "Paracin, hotel "]
[Date "2012.07.07"]
[Round "2.8"]
[White "Lajthajm, Borko"]
[Black "Ardeleanu, Alin"]
[Result "1/2-1/2"]
[WhiteElo "2492"]
[BlackElo "2335"]
[PlyCount "62"]
[EventDate "2012.07.06"]

1. d4 Nf6 2. Nc3 d5 3. Bg5 Nbd7 4. Qd3 c6 5. f3 Qa5 6. Bd2 e5 7. e4 dxe4 8.
Nxe4 Qd5 9. Nxf6+ Nxf6 10. Ne2 Be6 11. dxe5 Qxe5 12. Bc3 Qg5 13. Nd4 O-O-O 14.
Nxe6 fxe6 15. Qe2 Bb4 16. Bxb4 Qh4+ 17. g3 Qxb4+ 18. c3 Qc5 19. Bh3 Kb8 20. f4
Rhe8 21. Qe5+ Qxe5+ 22. fxe5 Nd7 23. O-O-O Nxe5 24. Rxd8+ Rxd8 25. Bxe6 Rf8 26.
Bb3 Kc7 27. Bc2 h6 28. Re1 Kd6 29. Rd1+ Kc7 30. Re1 Kd6 31. Rd1+ Kc7 1/2-1/2

[Event "International Championship of Central Se"]
[Site "Paracin, hotel "]
[Date "2012.07.07"]
[Round "2.9"]
[White "Popovic, Aleksandar M"]
[Black "Matsenko, Sergei"]
[Result "0-1"]
[WhiteElo "2288"]
[BlackElo "2460"]
[PlyCount "80"]
[EventDate "2012.07.06"]

1. Nf3 d5 2. g3 Nf6 3. Bg2 c6 4. d3 Bf5 5. O-O e6 6. Nbd2 h6 7. b3 Be7 8. Bb2
O-O 9. Qe1 a5 10. a4 Na6 11. e4 Bh7 12. Qe2 Nb4 13. Ne1 Re8 14. f4 b5 15. c3
Na6 16. e5 Nd7 17. d4 Nc7 18. g4 bxa4 19. bxa4 Bf8 20. Rf3 Rb8 21. Nf1 c5 22.
Rh3 Rb3 23. Ng3 Qb8 24. Bc1 Rxc3 25. g5 cxd4 26. gxh6 d3 27. Qd1 gxh6 28. Bd2
Qb6+ 29. Kh1 Rb3 30. Bxa5 Qxa5 31. Qxb3 Nc5 32. Qd1 d2 33. Nf3 Nd3 34. Qe2 Nxf4
35. Qf2 Bc5 36. Nd4 Nxh3 37. Bxh3 Qxa4 38. Rg1 d1=Q 39. Ne4+ Kf8 40. Nxc5 Qaxd4
0-1

[Event "International Championship of Central Se"]
[Site "Paracin, hotel "]
[Date "2012.07.07"]
[Round "2.10"]
[White "Bogdanovski, Vlatko"]
[Black "Lukovic, Vladimir"]
[Result "0-1"]
[WhiteElo "2454"]
[BlackElo "2329"]
[PlyCount "44"]
[EventDate "2012.07.06"]

1. Nf3 Nf6 2. g3 g6 3. Bg2 Bg7 4. O-O O-O 5. d3 d5 6. Nbd2 Nbd7 7. e4 e5 8.
exd5 Nxd5 9. Re1 Re8 10. Nc4 N5b6 11. Na5 h6 12. Be3 c6 13. Qd2 Kh7 14. c4 Na4
15. Rab1 Nac5 16. b4 Nxd3 17. Qxd3 e4 18. Ng5+ hxg5 19. Bxe4 Qf6 20. f4 gxf4
21. Bxf4 Nf8 22. Rf1 Qd4+ 0-1

[Event "International Championship of Central Se"]
[Site "Paracin, hotel "]
[Date "2012.07.07"]
[Round "2.11"]
[White "Indjic, Aleksandar"]
[Black "Kholopov, Alexander A"]
[Result "1-0"]
[WhiteElo "2451"]
[BlackElo "2289"]
[PlyCount "111"]
[EventDate "2012.07.06"]

1. d4 Nf6 2. c4 c5 3. d5 b5 4. Nf3 Bb7 5. a4 b4 6. Nbd2 d6 7. e4 g6 8. b3 Bg7
9. Bb2 O-O 10. Qc2 e5 11. Bd3 Bc8 12. g3 a5 13. Nh4 Nh5 14. Be2 Nf4 15. gxf4
Qxh4 16. fxe5 dxe5 17. Nf3 Qe7 18. O-O-O Ra6 19. h4 f5 20. Nd2 Nd7 21. Bd3 f4
22. Nf3 Re8 23. Rdg1 Nf8 24. Rg5 h6 25. Rxe5 Bxe5 26. Nxe5 Qc7 27. Qd2 Rxe5 28.
Qxf4 Nd7 29. Qg3 Kh7 30. f4 Rh5 31. e5 Nf8 32. Rg1 Qf7 33. e6 Bxe6 34. dxe6
Rxe6 35. f5 Rxf5 36. Bxf5 gxf5 37. Qg7+ Qxg7 38. Rxg7+ Kh8 39. Rc7+ Kg8 40.
Rxc5 f4 41. Rxa5 f3 42. Bd4 Re4 43. Ba7 Ng6 44. h5 Nf4 45. Rf5 Re1+ 46. Kd2
Re2+ 47. Kd1 f2 48. Rxf4 Re1+ 49. Kc2 f1=Q 50. Rxf1 Rxf1 51. Bc5 Rf5 52. Bxb4
Rxh5 53. a5 Kf7 54. a6 Rg5 55. a7 Rg8 56. Bd6 1-0

[Event "International Championship of Central Se"]
[Site "Paracin, hotel "]
[Date "2012.07.07"]
[Round "2.12"]
[White "Arsovic, Zoran"]
[Black "Livaja, Mario"]
[Result "1-0"]
[WhiteElo "2443"]
[BlackElo "2277"]
[PlyCount "49"]
[EventDate "2012.07.06"]

1. Nf3 Nf6 2. c4 g6 3. Nc3 Bg7 4. e4 O-O 5. d4 d6 6. Be2 c5 7. O-O cxd4 8. Nxd4
Nc6 9. Be3 Bd7 10. Qd2 Nxd4 11. Bxd4 Bc6 12. f3 Nd7 13. Be3 Rc8 14. b4 b6 15.
Rac1 Bb7 16. Rfd1 Ne5 17. Nd5 e6 18. Nf4 Qf6 19. Nh3 Nc6 20. b5 Na5 21. Bg5 Qe5
22. Be7 Rfd8 23. c5 bxc5 24. Bxd8 Rxd8 25. Qxa5 1-0

[Event "International Championship of Central Se"]
[Site "Paracin, hotel "]
[Date "2012.07.07"]
[Round "2.13"]
[White "Cvetanovic, Uros"]
[Black "Nestorovic, Nikola"]
[Result "1/2-1/2"]
[WhiteElo "2225"]
[BlackElo "2436"]
[PlyCount "133"]
[EventDate "2012.07.06"]

1. e4 e5 2. Nf3 Nc6 3. Bc4 Nf6 4. d3 Be7 5. O-O O-O 6. Re1 d6 7. c3 Na5 8. Bb5
a6 9. Ba4 b5 10. Bc2 c5 11. d4 Qc7 12. Nbd2 cxd4 13. cxd4 Nc6 14. d5 Nb4 15.
Bb1 a5 16. a3 Na6 17. b4 axb4 18. axb4 Bd7 19. Qb3 Nc5 20. Qc3 Rxa1 21. Qxa1
Na4 22. Nb3 Nh5 23. Be3 Nf4 24. g3 Bg4 25. Nfd2 Nh3+ 26. Kg2 h6 27. f3 Bd7 28.
Bd3 Qd8 29. Qc1 Bg5 30. Nb1 Bxe3 31. Qxe3 Ng5 32. h4 Nh7 33. Na3 Qb8 34. Rc1
Nb2 35. Be2 f5 36. exf5 Rxf5 37. Qc3 Na4 38. Qc7 Qxc7 39. Rxc7 Rf7 40. Bxb5
Bxb5 41. Nxb5 Rxc7 42. Nxc7 Nf6 43. Nd2 Nb6 44. Ne4 Nfxd5 45. Nxd5 Nxd5 46. b5
Ne3+ 47. Kf2 Nc4 48. Nc3 Kf7 49. Nd5 Ke6 50. b6 Na5 51. Nc7+ Kd7 52. f4 exf4
53. gxf4 Nc4 54. Nd5 Kc6 55. Ne7+ Kxb6 56. Nf5 Kc5 57. Nxg7 d5 58. Nf5 h5 59.
Ng3 d4 60. Nxh5 d3 61. Nf6 Kd4 62. Ng4 Ke4 63. Kg3 Nd6 64. Nf2+ Ke3 65. Nxd3
Kxd3 66. Kg4 Ke4 67. h5 1/2-1/2

[Event "International Championship of Central Se"]
[Site "Paracin, hotel "]
[Date "2012.07.07"]
[Round "2.14"]
[White "Stojanovski, Dejan"]
[Black "Kacakovski, Dimitar"]
[Result "1/2-1/2"]
[WhiteElo "2430"]
[BlackElo "2122"]
[PlyCount "56"]
[EventDate "2012.07.06"]

1. e4 e5 2. Nf3 Nc6 3. Bb5 a6 4. Ba4 Nf6 5. Qe2 b5 6. Bb3 Be7 7. O-O d6 8. c3
Na5 9. Bc2 c5 10. d4 Bg4 11. dxe5 dxe5 12. h3 Bxf3 13. Qxf3 O-O 14. Rd1 Qc7 15.
Nd2 Rfd8 16. Re1 c4 17. Nf1 Nb7 18. Bg5 Ne8 19. Bxe7 Qxe7 20. Ne3 Nf6 21. b4 a5
22. a3 g6 23. Nd5 Nxd5 24. exd5 Ra6 25. Rad1 Nd6 26. Qe3 axb4 27. axb4 Ra3 28.
Qg3 e4 1/2-1/2

[Event "International Championship of Central Se"]
[Site "Paracin, hotel "]
[Date "2012.07.07"]
[Round "2.15"]
[White "Jovanovic, Aleksandar D"]
[Black "Zlatanovic, Boroljub"]
[Result "0-1"]
[WhiteElo "2200"]
[BlackElo "2428"]
[PlyCount "126"]
[EventDate "2012.07.06"]

1. d4 g6 2. e4 Bg7 3. f4 d5 4. e5 c5 5. c3 Qb6 6. dxc5 Qxc5 7. Qf3 f6 8. Be3
Qa5 9. Na3 Be6 10. Bb5+ Nc6 11. Ne2 fxe5 12. fxe5 Bxe5 13. Nd4 Bd7 14. Qxd5 Nf6
15. Qc5 Bd6 16. Qg5 Bxa3 17. Nb3 Qc7 18. bxa3 Qe5 19. Bxc6 Qxc3+ 20. Bd2 Qxc6
21. O-O O-O 22. Bb4 Qd5 23. Qg3 Nh5 24. Qe3 Bc6 25. Qd2 Nf4 26. Bxe7 Nh3+ 27.
Kh1 Rxf1+ 28. Rxf1 Re8 29. Bb4 Qxd2 30. Nxd2 Re2 31. Rf8+ Kg7 32. Nf3 a5 33.
Bd6 Nf2+ 34. Kg1 Ne4 35. Rd8 Nxd6 36. Rxd6 Rxa2 37. Rd3 a4 38. h4 Kf6 39. Kh2
Bxf3 40. Rxf3+ Ke6 41. Rf4 Rxa3 42. Rb4 Rb3 43. Rxa4 Rd3 44. Rb4 Rd7 45. Kg3
Kd5 46. Rb1 Rf7 47. Kg4 Kc6 48. Rc1+ Kd6 49. Rb1 Kc7 50. Rc1+ Kb8 51. Rb1 Rf5
52. Re1 Ka7 53. Re7 h5+ 54. Kh3 Rf4 55. Re5 Rg4 56. Ra5+ Kb6 57. Re5 Ka6 58. g3
b5 59. Kg2 Ka5 60. Kf2 Ka4 61. Re3 b4 62. Ke2 b3 63. Kd2 Rc4 0-1

[Event "International Championship of Central Se"]
[Site "Paracin, hotel "]
[Date "2012.07.07"]
[Round "2.16"]
[White "Kadric, Denis"]
[Black "Thestrup, Sixten"]
[Result "1/2-1/2"]
[WhiteElo "2420"]
[BlackElo "2036"]
[PlyCount "84"]
[EventDate "2012.07.06"]

1. e4 d6 2. d4 Nf6 3. Nc3 c6 4. f4 Qa5 5. e5 Ne4 6. Qf3 d5 7. Bd3 Na6 8. Nge2
Nb4 9. O-O Nxd3 10. cxd3 Nxc3 11. bxc3 g6 12. Bd2 Qa6 13. Ng3 e6 14. Ne2 Bd7
15. Nc1 c5 16. Nb3 c4 17. dxc4 dxc4 18. Nc1 Bc6 19. Qf2 Be4 20. Re1 Qc6 21. a4
Be7 22. Ne2 h5 23. Bc1 h4 24. h3 Bc2 25. a5 b5 26. Ba3 a6 27. Nc1 Be4 28. Bxe7
Kxe7 29. Na2 Bd5 30. Nb4 Qb7 31. Nc2 Rab8 32. Qd2 Rh5 33. Rf1 Be4 34. Nb4 Bd5
35. Rf2 Kd7 36. Qb2 Rf5 37. Nc2 Kd8 38. Ne3 Rh5 39. Qb4 Qe7 40. Nc2 Qxb4 41.
Nxb4 Ra8 42. Re1 Ke7 1/2-1/2

[Event "International Championship of Central Se"]
[Site "Paracin, hotel "]
[Date "2012.07.07"]
[Round "2.17"]
[White "Tscharotschkin, Michael"]
[Black "Kislik, Erik Andrew"]
[Result "1/2-1/2"]
[WhiteElo "2176"]
[BlackElo "2408"]
[PlyCount "40"]
[EventDate "2012.07.06"]

1. e4 c5 2. c3 Nf6 3. e5 Nd5 4. d4 cxd4 5. Nf3 e6 6. cxd4 d6 7. Nc3 Nxc3 8.
bxc3 Qc7 9. Bd2 Nd7 10. Ng5 h6 11. exd6 Bxd6 12. Ne4 Bf4 13. Bd3 O-O 14. Bxf4
Qxf4 15. Qd2 Qc7 16. f4 b6 17. O-O Bb7 18. f5 exf5 19. Ng3 Nf6 20. Nxf5 Ne4
1/2-1/2

[Event "International Championship of Central Se"]
[Site "Paracin, hotel "]
[Date "2012.07.07"]
[Round "2.19"]
[White "Cvitan, Ognjen"]
[Black "Ristovich, Dmitar S"]
[Result "1-0"]
[WhiteElo "2538"]
[BlackElo "1916"]
[PlyCount "56"]
[EventDate "2012.07.06"]

1. d4 Nf6 2. Nf3 g6 3. Bf4 d5 4. e3 Bg7 5. h3 O-O 6. Be2 b6 7. O-O Bb7 8. Nbd2
Nbd7 9. c3 c5 10. Ne5 Ne8 11. Nxd7 Qxd7 12. a4 Nc7 13. a5 Bc6 14. axb6 axb6 15.
Qb3 Ne6 16. Bg3 cxd4 17. cxd4 Bxd4 18. exd4 Nxd4 19. Qd3 Nxe2+ 20. Qxe2 Bb5 21.
Qe3 Bxf1 22. Rxf1 b5 23. Nb3 Ra2 24. Nc5 Qa7 25. b4 Rb2 26. Be5 Rxb4 27. Ra1
Qb6 28. Ra6 Qd8 1-0

[Event "International Championship of Central Se"]
[Site "Paracin, hotel "]
[Date "2012.07.07"]
[Round "2.20"]
[White "Radovanovic, Nikola"]
[Black "Gleizerov, Evgeny"]
[Result "0-1"]
[WhiteElo "2191"]
[BlackElo "2565"]
[PlyCount "105"]
[EventDate "2012.07.06"]

1. d4 e6 2. c4 f5 3. g3 Nf6 4. Bg2 d5 5. Nf3 c6 6. b3 Bd6 7. O-O Qe7 8. a4 a5
9. Ba3 b6 10. Bxd6 Qxd6 11. Qc1 Na6 12. Rd1 O-O 13. e3 Bb7 14. Nc3 Nb4 15. Ne2
c5 16. Ne5 Rac8 17. Qb2 Qe7 18. Rac1 Rfd8 19. h4 Nd7 20. Nxd7 Rxd7 21. Nf4 Qf6
22. Nh5 Qf7 23. Nf4 g6 24. Nd3 Rcc7 25. Nxb4 axb4 26. dxc5 bxc5 27. Rd2 Qg7 28.
Qc2 Rd8 29. Rdd1 Qe5 30. e4 fxe4 31. Bxe4 Kg7 32. Bg2 Qc3 33. Qb1 Qf6 34. Qc2
Qf7 35. Rd3 Rdd7 36. Qd2 Ba6 37. Rf3 Qe7 38. Qb2+ Kg8 39. cxd5 exd5 40. Re3 Qf7
41. Re5 d4 42. Rce1 Kg7 43. h5 Re7 44. Qd2 Rxe5 45. Rxe5 Qf6 46. Re1 Bc8 47.
Bd5 Qd6 48. Bc4 Bf5 49. Re8 Kf6 50. Qa2 g5 51. a5 Rc8 52. Re1 Ra8 53. a6 0-1

[Event "International Championship of Central Se"]
[Site "Paracin, hotel "]
[Date "2012.07.07"]
[Round "2.21"]
[White "Savic, Miodrag R"]
[Black "Desnica, Vladan"]
[Result "1/2-1/2"]
[WhiteElo "2517"]
[BlackElo "2225"]
[PlyCount "129"]
[EventDate "2012.07.06"]

1. e4 e5 2. Nf3 Nc6 3. Bc4 Bc5 4. d3 Nf6 5. c3 d6 6. O-O a6 7. Nbd2 Ba7 8. Bb3
O-O 9. Nc4 Ne7 10. Bg5 Ng6 11. Nh4 Kh8 12. a4 h6 13. Nxg6+ fxg6 14. Be3 Nh5 15.
Bxa7 Rxa7 16. f3 Qg5 17. Qd2 Nf4 18. Kh1 Be6 19. g3 Nh3 20. Qxg5 Nxg5 21. h4
Nf7 22. a5 Raa8 23. Kg2 Rae8 24. Nd2 Bxb3 25. Nxb3 g5 26. hxg5 Nxg5 27. d4 Nf7
28. Ra4 c6 29. Rb4 Re7 30. Nd2 d5 31. exd5 cxd5 32. Re1 Rfe8 33. dxe5 Nxe5 34.
Rd4 Nc4 35. Rxe7 Rxe7 36. Nxc4 dxc4 37. Kf2 Re5 38. Rxc4 Rxa5 39. Ke3 Rb5 40.
b4 h5 41. Rc7 Kh7 42. f4 Kg6 43. Ke4 Kf6 44. Rd7 g6 45. Rd6+ Kf7 46. Kf3 Kg7
47. Ke3 Kf7 48. Kd4 Kg7 49. Kc4 g5 50. Kd4 gxf4 51. gxf4 h4 52. Ke3 h3 53. Kf2
Rf5 54. Rd4 h2 55. Kg2 Rh5 56. Kh1 Kf6 57. Rd7 b5 58. Ra7 Kf5 59. Rxa6 Kxf4 60.
Rc6 Ke3 61. c4 bxc4 62. Rxc4 Kd3 63. Rc5 Rh6 64. b5 Rb6 65. Kxh2 1/2-1/2

[Event "International Championship of Central Se"]
[Site "Paracin, hotel "]
[Date "2012.07.07"]
[Round "2.22"]
[White "Matsenko, Andrei"]
[Black "Abramovic, Bosko"]
[Result "1-0"]
[WhiteElo "2163"]
[BlackElo "2470"]
[PlyCount "103"]
[EventDate "2012.07.06"]

1. e4 e5 2. Nf3 Nc6 3. Bb5 Nf6 4. O-O Nxe4 5. d4 Nd6 6. dxe5 Nxb5 7. a4 Na3 8.
Nxa3 Be7 9. Nc4 O-O 10. a5 d5 11. exd6 cxd6 12. Nd4 d5 13. Ne3 Bf6 14. Nxc6
bxc6 15. Ng4 Bxg4 16. Qxg4 Re8 17. c3 Rb8 18. Qa4 c5 19. Be3 Qc8 20. Rad1 Re4
21. Qc2 Qc6 22. Qd3 Rd8 23. f3 Re6 24. Bf2 a6 25. b4 cxb4 26. cxb4 d4 27. Rc1
Qb7 28. Rc4 Rc6 29. Qe4 Rc7 30. Qxb7 Rxb7 31. Rd1 h5 32. Kf1 d3 33. Bb6 Rdd7
34. Kf2 Kh7 35. Ke3 Bg5+ 36. f4 Bd8 37. Bc5 Be7 38. Rxd3 Rdc7 39. Rdd4 g6 40.
Kd3 Kg7 41. Bb6 Rd7 42. Rxd7 Rxd7+ 43. Rd4 Rb7 44. Kc4 Rb8 45. Rd7 Kf8 46. Ra7
Rc8+ 47. Rc7 Ra8 48. Ra7 Rc8+ 49. Bc5 Bxc5 50. bxc5 Rc6 51. Kd5 Rf6 52. c6 1-0

[Event "International Championship of Central Se"]
[Site "Paracin, hotel "]
[Date "2012.07.07"]
[Round "2.23"]
[White "Miljkovic, Miroslav D"]
[Black "Rubil, Marko"]
[Result "1-0"]
[WhiteElo "2463"]
[BlackElo "2205"]
[PlyCount "117"]
[EventDate "2012.07.06"]

1. d4 d5 2. c4 dxc4 3. Nf3 Nf6 4. e3 e6 5. Bxc4 c5 6. O-O a6 7. Bd3 Nc6 8. a3
b5 9. a4 b4 10. Qc2 Bb7 11. dxc5 Qd5 12. e4 Qxc5 13. Qe2 Qh5 14. Bf4 Be7 15.
Nbd2 O-O 16. Rac1 Rfd8 17. Nb3 Rd7 18. e5 Nd5 19. Bg3 Qh6 20. Rfd1 Kf8 21. Bc4
Nf4 22. Qe3 Rxd1+ 23. Rxd1 Nh5 24. Qb6 Rd8 25. Re1 Ba8 26. Bxa6 Qg6 27. Rc1 Qe4
28. Nbd2 Qf5 29. Qe3 g5 30. Bb5 Na5 31. Qb6 Nxg3 32. hxg3 g4 33. Qxa5 gxf3 34.
Nxf3 Bxf3 35. gxf3 Qxe5 36. b3 Qd5 37. Qc7 Qxf3 38. Qc2 h5 39. Be2 Qd5 40. Qh7
Bf6 41. Rc7 Rd7 42. Rxd7 Qxd7 43. Bxh5 Bd4 44. Qh6+ Ke8 45. Qf4 Bc5 46. Bxf7+
Ke7 47. Bh5 Qd4 48. Qxd4 Bxd4 49. Kf1 Bb6 50. Ke2 Kd6 51. f4 e5 52. fxe5+ Kxe5
53. Kd3 Kd5 54. Bf7+ Kc5 55. Ke4 Kd6 56. Kf5 Ke7 57. Bc4 Bd8 58. g4 Kf8 59. Ke6
1-0

[Event "International Championship of Central Se"]
[Site "Paracin, hotel "]
[Date "2012.07.07"]
[Round "2.24"]
[White "Miladinovic, Lena"]
[Black "Martinovic, Slobodan"]
[Result "1/2-1/2"]
[WhiteElo "2078"]
[BlackElo "2447"]
[PlyCount "50"]
[EventDate "2012.07.06"]

1. d4 Nf6 2. Nf3 g6 3. c4 Bg7 4. Nc3 O-O 5. e4 d6 6. h3 e5 7. dxe5 dxe5 8. Be3
c6 9. c5 Qe7 10. Be2 Nh5 11. O-O Nf4 12. Bc4 Ne6 13. Qd6 Qf6 14. Rad1 h6 15.
Qd2 Kh7 16. Qc1 Qe7 17. Rd6 Nc7 18. Rfd1 Nd7 19. b4 Ne8 20. R6d3 Ndf6 21. b5
Nh5 22. Bb3 f5 23. bxc6 bxc6 24. Ba4 Rb8 25. Qa3 a5 1/2-1/2

[Event "International Championship of Central Se"]
[Site "Paracin, hotel "]
[Date "2012.07.07"]
[Round "2.25"]
[White "Tosic, Srecko"]
[Black "Jovanovic, Bojan P"]
[Result "*"]
[WhiteElo "2367"]
[BlackElo "2185"]
[PlyCount "37"]
[EventDate "2012.07.06"]

1. d4 e6 2. Nf3 Nf6 3. Bg5 Be7 4. Nbd2 b6 5. e4 d5 6. Bb5+ c6 7. Bd3 Nxe4 8.
Bxe7 Qxe7 9. Nxe4 dxe4 10. Bxe4 Qb4+ 11. Qd2 Qxb2 12. O-O Qa3 13. Qg5 O-O 14.
Bxh7+ Kxh7 15. Qh5+ Kg8 16. Ng5 Rd8 17. Qxf7+ Kh8 18. Rae1 Qb4 19. Re4 *

[Event "International Championship of Central Se"]
[Site "Paracin, hotel "]
[Date "2012.07.07"]
[Round "2.26"]
[White "Bejatovic, Bojana"]
[Black "Brankovic, Dejan"]
[Result "0-1"]
[WhiteElo "1941"]
[BlackElo "2349"]
[PlyCount "78"]
[EventDate "2012.07.06"]

1. Nf3 c5 2. c4 g6 3. Nc3 Bg7 4. e3 Nf6 5. d4 O-O 6. Be2 cxd4 7. exd4 d5 8. O-O
Nc6 9. c5 Ne4 10. h3 e5 11. Nxe4 dxe4 12. Nxe5 Nxd4 13. Nc4 Qd5 14. Nd6 Bd7 15.
Bf4 Bc6 16. b4 e3 17. Bf3 e2 18. Bxd5 exd1=Q 19. Rfxd1 Ne2+ 20. Kf1 Nxf4 21.
Bxc6 bxc6 22. Rab1 Nd5 23. Rb3 Rab8 24. b5 Ne7 25. Re1 Bf6 26. Rxe7 Bxe7 27.
bxc6 Rfc8 28. Nxc8 Rxc8 29. Rb7 Bxc5 30. c7 Kg7 31. a4 Bb6 32. a5 Rxc7 33. Rxc7
Bxc7 34. a6 Kf6 35. Ke2 Ke5 36. Kd3 Bb6 37. f3 Kf4 38. Ke2 Kg3 39. Kf1 h5 0-1

[Event "International Championship of Central Se"]
[Site "Paracin, hotel "]
[Date "2012.07.07"]
[Round "2.27"]
[White "Doric, Nenad"]
[Black "Hadzi - Manev, Ljubomir"]
[Result "1-0"]
[WhiteElo "2330"]
[BlackElo "2089"]
[PlyCount "65"]
[EventDate "2012.07.06"]

1. e4 c5 2. Nf3 e6 3. d4 cxd4 4. Nxd4 a6 5. Nc3 Qc7 6. g3 Bb4 7. Nde2 Nf6 8.
Bg2 d6 9. O-O h5 10. h3 Nbd7 11. Be3 Ne5 12. a3 Bc5 13. Bxc5 Qxc5 14. Qd4 Nc6
15. Qd2 Ne5 16. b3 Bd7 17. Rfd1 Ke7 18. Nd4 Rac8 19. Nce2 Bc6 20. b4 Qc4 21.
Nf5+ exf5 22. Qxd6+ Ke8 23. Qxe5+ Qe6 24. Qxe6+ fxe6 25. exf5 exf5 26. Bxc6+
bxc6 27. c4 h4 28. Kg2 Kf7 29. Nd4 g6 30. Nf3 hxg3 31. Ng5+ Kg7 32. fxg3 Rhe8
33. Re1 1-0